|
|
|
|
| LEADER |
00000nam0a2200000 4500 |
| 001 |
362058 |
| 005 |
20231102011442.0 |
| 035 |
|
|
|a (RuTPU)RU\TPU\retro\19404
|
| 090 |
|
|
|a 362058
|
| 100 |
|
|
|a 20210714d1980 km y0rusy50 ca
|
| 101 |
0 |
|
|a rus
|
| 102 |
|
|
|a BY
|
| 105 |
|
|
|a a z 001zy
|
| 200 |
1 |
|
|a Неотектоника территории Припятского прогиба
|f Академия наук Белорусской ССР, Институт геохимии и геофизики ; Белорусский научно-исследовательский геологоразведочный институт ; отв. ред. Э. А. Крутоус
|
| 210 |
|
|
|a Минск
|c Наука и техника
|d 1980
|
| 215 |
|
|
|a 106 с.
|c ил., карты
|
| 320 |
|
|
|a Библиогр.: с. 101-105
|
| 606 |
1 |
|
|a Неотектоника
|2 stltpush
|3 (RuTPU)RU\TPU\subj\45481
|9 64686
|
| 610 |
1 |
|
|a Припятский прогиб
|
| 610 |
1 |
|
|a геологическое строение
|
| 610 |
1 |
|
|a тектонические движения
|
| 610 |
1 |
|
|a антропоген
|
| 610 |
1 |
|
|a неотектонические процессы
|
| 675 |
|
|
|a 551.248.2
|v 4
|
| 702 |
|
1 |
|a Крутоус
|b Э. А.
|4 340
|
| 712 |
0 |
2 |
|a Академия наук Белорусской ССР
|b Институт геохимии и геофизики
|2 stltpush
|3 (RuTPU)RU\TPU\col\11735
|9 25243
|
| 712 |
0 |
2 |
|a Белорусский научно-исследовательский геологоразведочный институт
|2 stltpush
|3 (RuTPU)RU\TPU\col\7965
|9 24442
|
| 801 |
|
1 |
|a RU
|b 63413507
|c 20210714
|
| 942 |
|
|
|c BK
|